10 najwyższych budynków w Polsce - Statystyki

Ogólne statystyki
  • Ten quiz został rozwiązany 290 razy
  • Średni wynik to 3 z 10
Statystyki odpowiedzi
Miasto Wysokość Całkowita Budynek % Poprawnych
Warszawa 237 m Pałac Kultury i Nauki
92%
Wrocław 212 m Sky Tower
68%
Warszawa 192 m Złota 44
30%
Warszawa 170 m Hotel Marriott
26%
Warszawa 220 m Warsaw Spire
19%
Warszawa 195 m Q22
11%
Warszawa 192 m Rondo 1
10%
Warszawa 208 m Warsaw Trade Tower
9%
Gdańsk 180 m Olivia Star
8%
Warszawa 165 m Warsaw Financial Center
5%
Nie znaleziono quizów pasujących do podanych kryteriów
Rozkład punktacji
Procent ludzi z każdym wynikiem
Percentyl według liczby udzielonych odpowiedzi
Twoja historia wyników
Nie rozwiązałeś tego quizu